Rock art of the Vindhyas : an archaeological survey : documentation and analysis of the rock art of Mirzapur District, Uttar Pradesh /
How does rock art as an object fashioned by human hands then differ from tools? What utility does it have beyond its symbolic value? The Vindhyan corpus of rock paintings has provided us with a very valuable opportunity to be answering such questions.
المؤلف الرئيسي:
التنسيق: كتاب الكتروني
اللغة: English
منشور في:
Oxford :
Archaeopress,
[2016]
الموضوعات:
الوصول للمادة أونلاين: Login to view Source
الوسوم: إضافة وسم
رقم الطلب: N5310.5
| LEADER | 01704nam a2200373 i 4500 | ||
|---|---|---|---|
| 001 | EDZ0001545770 | ||
| 003 | StDuBDS | ||
| 005 | 20230412181650.0 | ||
| 006 | m|||||o||d|||||||| | ||
| 007 | cr ||||||||||| | ||
| 008 | 160830s2016 enka fo 000|0|eng|d | ||
| 020 | |a 9781784912468 (ebook) : |c £15.83 | ||
| 040 | |a StDuBDS |b eng |c StDuBDS |e rda |e pn | ||
| 050 | 4 | |a N5310.5 | |
| 082 | 0 | 4 | |a 709.0113 |2 23 |
| 100 | 1 | |a Pratap, Ajay, |e author. | |
| 245 | 1 | 0 | |a Rock art of the Vindhyas : |b an archaeological survey : documentation and analysis of the rock art of Mirzapur District, Uttar Pradesh / |c Ajay Pratap. |
| 264 | 1 | |a Oxford : |b Archaeopress, |c [2016] | |
| 300 | |a 1 online resource : |b illustrations (colour) | ||
| 336 | |a text |2 rdacontent | ||
| 336 | |a still image |2 rdacontent | ||
| 337 | |a computer |2 rdamedia | ||
| 338 | |a online resource |2 rdacarrier | ||
| 500 | |a Previously issued in print: 2016. | ||
| 520 | 8 | |a How does rock art as an object fashioned by human hands then differ from tools? What utility does it have beyond its symbolic value? The Vindhyan corpus of rock paintings has provided us with a very valuable opportunity to be answering such questions. | |
| 521 | |a Specialized. | ||
| 588 | |a Description based on online resource; title from home page (viewed on November 9, 2016). | ||
| 650 | 0 | |a Art, Prehistoric |z India |z Vindhya Range. | |
| 650 | 0 | |a Rock paintings |z India |z Vindhya Range. | |
| 776 | 0 | 8 | |i Print version : |z 9781784912451 |
| 856 | 4 | 0 | |3 Archaeopress |u http://library.arce.org:8087/Archaeopress/Products/9781784912451 |
| 942 | |2 lcc |c EBOOK | ||
| 952 | |0 0 |1 0 |4 0 |6 N53105 |7 1 |9 46115 |a ARCH |b ARCH |d 2023-04-12 |l 0 |o N5310.5 |r 2023-04-12 00:00:00 |w 2023-04-12 |y EBOOK | ||
| 999 | |c 51773 |d 51773 | ||
